Estatísticas para Nome dos Pilotos da Fórmula 1 pelos seus números - 2022

Clique aqui para jogar o quiz

Estatísticas Gerais

  • Esse quiz foi jogado 973 vezes
  • A pontuação média é 17 de 20

Estatísticas das Respostas

NúmerosNome% Correto
1Max Verstappen
99%
44Lewis Hamilton
97%
16Charles Leclerc
95%
55Carlos Sainz Jr.
94%
4Lando Norris
94%
77Valtteri Bottas
91%
14Fernando Alonso
90%
11Sergio Pérez
90%
3Daniel Ricciardo
88%
10Pierre Gasly
87%
5Sebastian Vettel
85%
63George Russell
83%
22Yuki Tsunoda
83%
31Esteban Ocon
80%
18Lance Stroll
80%
47Mick Schumacher
78%
23Alexander Albon
76%
24Guanyu Zhou
74%
6Nicholas Latifi
70%
9Nikita Mazepin
52%

Distribuição das Pontuações

Percentil de Números Respondidos

Porcentagem de Pessoas com Cada Pontuação

Sua Pontuação Histórica

Você não jogou esse quiz